Proceedings of the 11th International Bryozoology Association Conference / (Registro nro. 17837)

Detalles MARC
000 -CABECERA
Campo de control 01053nam a22002657a 4500
005 - FECHA Y HORA DE LA ULTIMA TRANSACCION
Campo de control 20151006113502.0
008 - ELEMENTOS DE LONGITUD FIJA—INFORMACION GENERAL
Campo de control 151006b2000 pn |||||r|||| 10| 0 spa d
020 ## - ISBN
ISBN 1891276131
040 ## - FUENTE DE CATALOGACIÓN
Agencia catalogadora original CO-BoIAVH
Agencia transcriptora CO-BoIAVH
041 0# - IDIOMA
Código de idioma para texto/pista de sonido o título separado Inglés
044 ## - PAÍS DE PUBLICACIÓN
País de publicación Panamá
082 04 - NUMERO DE CLASIFICACION DECIMAL DEWEY
Número de clasificación 564.6707
Número del ítem S66p
111 2# - ASIENTO PRINCIPAL--NOMBRE DE REUNION
Nombre de reunión o de jurisdicción como elemento de entrada International Bryozoology Association Conference
Lugar de la reunión República de Panamá
Fecha de la reunión Enero 26 a 31 de 1998
Número de la parte/sección/reunión 11
9 (RLIN) 40497
245 1# - MENCION DE TITULO
Título Proceedings of the 11th International Bryozoology Association Conference /
Mención de responsabilidad Editado por A. Herrera Cubilla y J.B.C. Jackson.
260 ## - PUBLICACION, DISTRIBUCION, ETC. (PIE DE IMPRENTA)
Lugar de publicación, distribución, etc. Estados Unidos:
Nombre del editor, distribuidor, etc. Smithsonian Tropical Research Institute,
Fecha de publicación, distribución, etc. 2000.
300 ## - DESCRIPCION FISICA
Extensión 448 páginas :
Otros detalles físicos ilustraciones y gráficas ;
Dimensiones 25 cm.
500 ## - NOTA GENERAL
Nota general Incluye índice taxonómico.
504 ## - NOTA DE BIBLIOGRAFIA, ETC.
Nota de bibliografía Incluye referencias bibliográficas.
650 #6 - ASIENTO SECUNDARIO DE MATERIA - TERMINO TEMATICO
Término temático o nombre geográfico como elemento de entrada Bryozoa
Subdivisión de forma Congresos
9 (RLIN) 40498
650 #6 - ASIENTO SECUNDARIO DE MATERIA - TERMINO TEMATICO
Término temático o nombre geográfico como elemento de entrada Organismos de agua dulce
Subdivisión de forma Congresos
9 (RLIN) 40499
650 #6 - ASIENTO SECUNDARIO DE MATERIA - TERMINO TEMATICO
Término temático o nombre geográfico como elemento de entrada Especies Marinas
Subdivisión de forma Congresos
Subdivisión general Fauna
9 (RLIN) 40500
700 1# - ASIENTO SECUNDARIO - NOMBRE PERSONAL
Nombre personal Herrera Cubilla, A.
9 (RLIN) 40501
700 1# - ASIENTO SECUNDARIO - NOMBRE PERSONAL
Nombre personal Jackson, J. B. C.
9 (RLIN) 40502
942 ## - ELEMENTOS ADICIONALES (KOHA)
Sistema de clasificación Dewey Decimal Classification
Tipo de ítem Libro
Existencias
Withdrawn status Lost status Sistema de Clasificación Damaged status No para préstamo Colección Inventariado Ubicación Permanente Ubicación actual Fecha de adquisición Fuente de Valor Valor Total Checkouts Número topográfico Inventario / Código de Barras Date last seen Ejemplar Price effective from Forma de adquisición Tipo de material
    Dewey Decimal Classification     General Inventariado 2017 Bogotá Bogotá 06/10/2015 Instituto 39000.00   LB-564.6707 S66p 035238 06/10/2015 Ej. 1 06/10/2015   Libro